| 000 | 00747nam a22002057a 4500 | ||
|---|---|---|---|
| 003 | AM-YeHGA | ||
| 005 | 20250617153723.0 | ||
| 008 | 171212s1960 ru ||||| |||| 00| 0 rus d | ||
| 040 | _aAM-YeHGA | ||
| 041 | 0 | _arus | |
| 245 | 0 | 0 |
_aЯ шью сама : _b[Альбом]/ _cМосгорисполком. Упршвейпром. ОТШЛ. |
| 260 |
_aМосква : _bБ.и., _c1960. |
||
| 300 | _aномер. | ||
| 505 | 1 | 0 |
_g№. 4 (1960, 49 с., ил.) _g№. 5 (1960, 48 с., ил.) |
| 653 | 0 | _aОдежда - Модели - Альбомы | |
| 653 | 0 | _aОдежда - Кройка - Альбомы | |
| 711 | 2 | _aОпытно-техническая швейная лаборатория. Москва | |
| 942 |
_2udc _cBK |
||
| 090 | _c398795 | ||
| 999 |
_c396713 _d396713 |
||